| 000 | 01125cab a2200205 4500 | ||
|---|---|---|---|
| 001 | ABS37934 | ||
| 008 | 090401t1987 xxu||||| |||| 00| 0 eng d | ||
| 035 | _a(Sirsi) u7694 | ||
| 041 | _aeng | ||
| 100 | _aSummers, A.P. | ||
| 245 | _aHow to refurbish occupied buildings | ||
| 260 | _c1987 | ||
| 350 | _a0 | ||
| 490 |
_aBuilding Technology & Management _v25(4) August/September 1987, 34-35(2) |
||
| 520 | _aA report of the findings of an investigation carried out by the Construction Study Unit at Brunel University, which looked at the problems encountered when refurbishing in occupied premises. The CSU conducted a series of structured interviews with 11 contractors and produced three case studies of refurbishment s by one medium-sized contractor (two in occupied premises and one in an empty building). The CSU concluded that the major problems encountered were protection, management, supervision and noise and that good liaison between contractor and occupant is the prime requirement for a successful project. | ||
| 690 |
_aRefurbishment _96264 |
||
| 700 | _aFellows, R.F. | ||
| 942 | _n0 | ||
| 948 | _c04/03/1997 | ||
| 999 |
_c4681 _d4681 |
||